T.V. Show Alliteration Quiz Stats

 Plays Quiz not verified by Sporcle

Also try: Funny TV Mothers
Challenge
Share
Tweet
Embed
Score 0/15 Timer 05:00
0 Plays Today
Letter and # of Words T.V. Show % Correct
F (2)Family Feud
89.6%
J (2)Judge Judy
85.2%
G (2)Gilmore Girls
84.9%
B (2)Big Brother
83.7%
P (2)Private Practice
73%
C (2)Cold Case
71.5%
G (2)Gossip Girl
68.2%
M (2)Mad Men
66.1%
Letter and # of Words T.V. Show % Correct
F (2)Flash Forward
61.4%
W (3)Wild Wild West
61%
H (2)Hogan's Heroes
53%
T (2)Teen Titans
45.9%
W (2)Whale Wars
36.3%
S (2)Silver Spoons
33.9%
B (2)Bully Beatdown
13.2%

You're not logged in!

Compare scores with friends on all Sporcle quizzes.
OR
Log In

You Might Also Like...

Show Comments

Extras

Top Quizzes Today


Score Distribution

Your Account Isn't Verified!

In order to create a playlist on Sporcle, you need to verify the email address you used during registration. Go to your Sporcle Settings to finish the process.

Report this User

Report this user for behavior that violates our Community Guidelines.

Details: